'90s TV Theme Songs Quiz Stats

 Plays Quiz Updated Oct 8, 2019

Score 0/32 Timer 10:00
1 Play Today
Time Interval (approx.) TV Show % Correct
0:00 - 0:10Cheers
87.4%
5:09 - 5:19Friends
85.9%
3:52 - 4:02The Fresh Prince of Bel-Air
83.8%
3:41 - 3:51The Simpsons
78.2%
2:57 - 3:07Seinfeld
78%
2:02 - 2:12Full House
77.1%
3:08 - 3:18Saved by the Bell
70.2%
1:51 - 2:01Married...With Children
69.3%
4:03 - 4:13Home Improvement
67.6%
0:22 - 0:32The Cosby Show
67.4%
4:47 - 4:57Frasier
65.9%
4:14 - 4:24Step by Step
65.1%
2:35 - 2:45Roseanne
62.1%
3:30 - 3:40Family Matters
60.9%
2:24 - 2:34The Wonder Years
57.8%
5:20 - 5:30The Drew Carey Show
56.3%
Time Interval (approx.) TV Show % Correct
0:55 - 1:06Growing Pains
54.1%
2:46 - 2:56Coach
46.1%
4:36 - 4:46Boy Meets World
43.8%
5:42 - 5:52Everybody Loves Raymond
41.5%
4:25 - 4:35Mad About You
37.2%
0:33 - 0:43Who's the Boss
36.2%
5:31 - 5:413rd Rock from the Sun
30.1%
3:19 - 3:29Doogie Howser M.D.
28.2%
0:11 - 0:21Night Court
27%
2:13 - 2:23A Different World
26.3%
1:18 - 1:28Perfect Strangers
23.5%
4:58 - 5:08Weird Science
23.3%
0:44 - 0:54Mr. Belvedere
21.6%
1:40 - 1:50Amen
14%
1:29 - 1:39Head of the Class
5.8%
1:07 - 1:17The Hogan Family
5.1%

You're not logged in!

Compare scores with friends on all Sporcle quizzes.
OR
Log In

Sporcle TV

Today on Sporcle TV


Watch our educational content, quiz creation guides, and fun videos on Sporcle TV.

Show Comments

Extras

Top Quizzes Today


Score Distribution

Your Account Isn't Verified!

In order to create a playlist on Sporcle, you need to verify the email address you used during registration. Go to your Sporcle Settings to finish the process.

Report this User

Report this user for behavior that violates our Community Guidelines.

Details: